Statistics for Top 20 Bollywood Actresses of All Time

Click here to take the quiz!

General Stats

  • This quiz has been taken 1,192 times
  • The average score is 11 of 20

Answer Stats

# Starred in... Answer % Correct
11.3 IdiotsKareena Kapoor
92%
5.My Name Is KhanKajol
90%
15.Barfi!Priyanka Chopra
86%
2.English VinglishSridevi
84%
1.DevdasMadhuri Dixit
82%
3.Jodhaa AkbarAishwarya Rai Bachchan
81%
7.Kal Ho Naa HoPreity Zinta
79%
13.BlackRani Mukerji
73%
4.Yes BossJuhi Chawla
60%
6.Koi ... Mil GayaRekha
55%
16.ZubeidaaKarisma Kapoor
54%
18.Dil Se...Manisha Koirala
48%
17.Andaz Apna ApnaRaveena Tandon
44%
8.Life of PiTabu
41%
12.Kal Ho Naa HoSonali Bendre
31%
10PinjarUrmila Matondkar
26%
20.Damini - LightningMeenakshi Sheshadri
20%
9.EarthNandita Das
17%
14.TehzeebShabana Azmi
15%
19.AgneepathNeelam
8%

Score Distribution

Percentile by Number Answered

Percent of People with Each Score

Your Score History

You have not taken this quiz